000 00289nam a2200133Ia 4500
100 _aBrophy/James
942 _cBK
654 _aelectronics
245 _aBasic electronics for Scientists
260 _bMc Graw Hill
_c1990
082 _a621.381
_bBRO
300 _a462
546 _aENGLISH
999 _c26776
_d26776